Ballon d‘Or Gewinner A-Z - Statistiken

Allgemein
  • Dieses Quiz wurde 102 mal gespielt
  • Das Durchschnittsergebnis liegt bei 8 aus 19
Antwortstatistiken
Buchstabe Gewinner % Korrekt
M Josef Masopust - Lothar Matthäus - Stanley Matthews - Lionel Messi - Luka Modric - Gerd Müller
100%
R Rivaldo - Gianni Rivera - Rodri - Ronaldinho - Ronaldo - Paolo Rossi - Karl-Heinz Rummenigge
100%
B Roberto Baggio - Franz Beckenbauer - Ihor Bjelanow - George Best - Oleh Blochin - Karim Benzema
80%
C Fabio Cannavaro - Bobby Charlton - Cristiano Ronaldo - Johan Cruyff
69%
K Kaká - Kevin Keegan - Raymond Kopa
65%
S Matthias Sammer - Andrij Schewtschenko - Allan Simonsen - Omar Sivori - Christo Stoitschkow - Luis Suárez
59%
Z Zinedine Zidane
56%
F Luis Figo
39%
E Eusebio
36%
N Pavel Nedvěd
36%
W George Weah
33%
O Michael Owen
33%
V Marco Van Basten
29%
P Jean-Pierre Papin - Michel Platini
28%
D Alfredo Di Stéfano
26%
G Ruud Gullit
21%
J Lew Jaschin
15%
L Denis Law
7%
A Flórián Albert
7%
Keine übereinstimmenden Quizze gefunden
Verteilung der Resultate
Anzahl Personen mit jedem Resultat
Perzentil nach korrekt beantworteten Fragen
Ihre Resultats-Entwicklung
Sie haben dieses Quiz noch nicht gespielt